000
00176 a2200097 4500
020
_a
9781476715667
041
_a
eng
100
_a
Flynn,Vince
245
_a
Kill shot
942
_c
BK
999
_c
8463
_d
8463